<?xml version="1.0" encoding="UTF-8"?>
<record
    xmlns:xsi="http://www.w3.org/2001/XMLSchema-instance"
    xsi:schemaLocation="http://www.loc.gov/MARC21/slim http://www.loc.gov/standards/marcxml/schema/MARC21slim.xsd"
    xmlns="http://www.loc.gov/MARC21/slim">

  <leader>00575    a2200193   4500</leader>
  <controlfield tag="005">20240530124415.0</controlfield>
  <datafield tag="010" ind1=" " ind2=" ">
    <subfield code="a">B-759275</subfield>
  </datafield>
  <datafield tag="020" ind1=" " ind2=" ">
    <subfield code="a">9789351037088</subfield>
    <subfield code="c">175.00</subfield>
  </datafield>
  <datafield tag="035" ind1=" " ind2=" ">
    <subfield code="a">B-759275</subfield>
  </datafield>
  <datafield tag="037" ind1=" " ind2=" ">
    <subfield code="b">Gift</subfield>
  </datafield>
  <datafield tag="082" ind1=" " ind2=" ">
    <subfield code="a">N</subfield>
  </datafield>
  <datafield tag="100" ind1=" " ind2=" ">
    <subfield code="a">Tsai, Luther</subfield>
    <subfield code="9">67116</subfield>
  </datafield>
  <datafield tag="245" ind1=" " ind2=" ">
    <subfield code="a">Magic Mirror The Chess Pavilion/</subfield>
    <subfield code="c">Luther Tsai and Nurv Vittachi</subfield>
  </datafield>
  <datafield tag="260" ind1=" " ind2=" ">
    <subfield code="a">Gurugram</subfield>
    <subfield code="b">Scholastic India Pvt. Ltd.</subfield>
    <subfield code="c">2023</subfield>
  </datafield>
  <datafield tag="270" ind1=" " ind2=" ">
    <subfield code="a">A-27 Ground Floor  Bharti Sigma Centre</subfield>
    <subfield code="b">Gurugram</subfield>
    <subfield code="e">122001</subfield>
  </datafield>
  <datafield tag="300" ind1=" " ind2=" ">
    <subfield code="a">132 p.</subfield>
    <subfield code="c">19 cm(Pb)</subfield>
  </datafield>
  <datafield tag="942" ind1=" " ind2=" ">
    <subfield code="a">dpl</subfield>
    <subfield code="c">CH</subfield>
    <subfield code="2">ddc</subfield>
    <subfield code="h">N</subfield>
    <subfield code="m">TSA</subfield>
  </datafield>
  <datafield tag="999" ind1=" " ind2=" ">
    <subfield code="c">203404</subfield>
    <subfield code="d">203404</subfield>
  </datafield>
  <datafield tag="952" ind1=" " ind2=" ">
    <subfield code="0">0</subfield>
    <subfield code="1">0</subfield>
    <subfield code="4">0</subfield>
    <subfield code="7">0</subfield>
    <subfield code="8">FIC</subfield>
    <subfield code="a">AV</subfield>
    <subfield code="b">AV</subfield>
    <subfield code="d">2024-05-30</subfield>
    <subfield code="e">Gift/28.5.24</subfield>
    <subfield code="g">175.00</subfield>
    <subfield code="l">0</subfield>
    <subfield code="o">N TSA</subfield>
    <subfield code="p">B-759275</subfield>
    <subfield code="r">2024-05-30 00:00:00</subfield>
    <subfield code="t">1</subfield>
    <subfield code="v">175.00</subfield>
    <subfield code="w">2024-05-30</subfield>
    <subfield code="y">CH</subfield>
    <subfield code="z">Gift</subfield>
  </datafield>
</record>
